=LDR 00000nam 2200000 4500 =001 INLIS000000000034799 =005 20130612140707 =008 ***********************************ind** =035 ##$$0010-061300000034799 =041 ##$$a ind =082 ##$$a 738.1 =090 ##$$a 738.1, Suw m =100 ##$$a SOWARDONO =245 ##$$a Mengenal keramik Hias, Suwardono ; editor, Rahmanto =260 ##$$a 2007 $b Bandung =300 ##$$a viii, 188 hlm, ilus, 20 cm =650 ##$$a Keramik - Teknik =700 ##$$a Rahmanto =850 ##$$a NBPNMAT